Nižina ako obraz verizmu

Podrobná bibliografia
Hlavný autor: Ursínyová, Terézia, 1942- (Autor)
Médium: Článok
Jazyk:slovenčina
Predmet:

MARC

LEADER 00000nab a2200000 a 4500
001 vtls000025902
003 SK-MaSNL
005 20260304194556.0
008 111103c1979 xo 0 slo
015 |a SNBRB19rr/mm-uuuuu 
035 |a CL0035996 
040 |a SNKBUCL  |b slo  |c SNKBUCL  |e AACR2 
041 0 |a slo 
044 |a xo  |c SK 
080 |a 792.5  |2 1981 
100 1 |a Ursínyová, Terézia,  |d 1942-  |4 aut  |9 103725 
245 1 0 |a Nižina ako obraz verizmu  |c Terézia Ursínyová 
600 1 7 |a Albert, Eugen d',  |d 1864-1932  |t Nížina  |2 snkbucl  |9 28851 
610 2 7 |a Slovenské národné divadlo  |2 snkbucl  |9 32458 
651 7 |a 5100  |2 snkbucl  |9 166206 
655 7 |a články z novín a časopisov  |2 snkbucl  |9 267496 
773 0 |t Nové slovo  |g Roč. 21, č. 13 (29. 3. 1979), s. 20 
850 |a Slovenská národná knižnica v Martine  |a MTA001 
852 |a SNK  |b KIS3GCP 
958 |a RK 
992 |a RBX 
999 |c 3075156  |d 3077086